[Event "Olympiad Women-44"]
[Site "Chennai"]
[Date "2022.08.08"]
[Round "10.1"]
[White "Peng, Zhaoqin"]
[Black "Vantika, Agrawal"]
[Result "1-0"]
[WhiteElo "2349"]
[BlackElo "2371"]
[PlyCount "117"]
[EventDate "2022.07.29"]
[EventType "team-swiss"]
[EventRounds "11"]
[EventCountry "IND"]
[SourceTitle "CBM 210"]
[Source "ChessBase"]
[SourceDate "2022.10.31"]
[SourceVersion "1"]
[SourceVersionDate "2022.10.31"]
[SourceQuality "1"]
[WhiteTeam "Netherlands (W)"]
[BlackTeam "India (W) II"]
[WhiteTeamCountry "NED"]
[BlackTeamCountry "IND"]

1. d4 Nf6 2. c4 g6 3. Nc3 Bg7 4. e4 d6 5. Be2 0-0 6. Be3 Nc6 7. d5 Ne5 8. h3 e6 9. Nf3 Nxf3+ 10. Bxf3 Nd7 11. Rc1 f5 12. dxe6 Ne5 13. Be2 Bxe6 14. exf5 gxf5 15. Nd5 Ng6 16. Qd2 f4 17. Nxf4 Nxf4 18. Bxf4 Qf6 19. Be3 Qxb2 20. Qxb2 Bxb2 21. Rc2 Bg7 22. Bg4 Bf7 23. 0-0 c6 24. f4 d5 25. cxd5 Bxd5 26. Bf3 Rfd8 27. f5 Bxf3 28. Rxf3 Bd4 29. g4 Kf7 30. Kf2 Rd7 31. Bxd4 Rxd4 32. Rb3 Rd7 33. Re2 Re8 34. Rxe8 Kxe8 35. Ke3 c5 36. g5 c4 37. Rb4 Rc7 38. Kd2 b6 39. a4 c3+ 40. Kc2 Rc5 41. Rf4 Kf7 42. h4 a6 43. f6 b5 44. a5 Kf8 45. Rd4 Rc7 46. Rd8+ Kf7 47. Rh8 Ke6 48. Ra8 Kf5 49. Rxa6 b4 50. Rb6 Ra7 51. Rxb4 h6 52. Rb5+ Kg6 53. Kxc3 hxg5 54. hxg5 Rc7+ 55. Kb4 Rc1 56. a6 Rb1+ 57. Ka5 Ra1+ 58. Kb6 Rd1 59. a7 1-0

[Event "Olympiad Women-44"]
[Site "Chennai"]
[Date "2022.08.01"]
[Round "4.2"]
[White "Socko, Monika"]
[Black "Peng, Zhaoqin"]
[Result "1-0"]
[WhiteElo "2416"]
[BlackElo "2349"]
[PlyCount "73"]
[EventDate "2022.07.29"]
[EventType "team-swiss"]
[EventRounds "11"]
[EventCountry "IND"]
[SourceTitle "CBM 210"]
[Source "ChessBase"]
[SourceDate "2022.10.31"]
[SourceVersion "1"]
[SourceVersionDate "2022.10.31"]
[SourceQuality "1"]
[WhiteTeam "Poland (W)"]
[BlackTeam "Netherlands (W)"]
[WhiteTeamCountry "POL"]
[BlackTeamCountry "NED"]

1. d4 d5 2. c4 dxc4 3. e4 e5 4. Nf3 exd4 5. Bxc4 Bb4+ 6. Nbd2 Nc6 7. 0-0 Nf6 8. e5 Nd5 9. Nb3 0-0 10. Nbxd4 Nde7 11. Bg5 Nxd4 12. Nxd4 h6 13. Be3 a6 14. Qf3 Qe8 15. Qe4 Bc5 16. Bd3 Ng6 17. f4 Bxd4 18. Bxd4 Qc6 19. Qxc6 bxc6 20. Be4 Ne7 21. Bc5 Re8 22. Bxe7 Rxe7 23. Bxc6 Rb8 24. b3 g5 25. Rad1 Bg4 26. Rd4 gxf4 27. Rdxf4 Bh5 28. Re1 Rb6 29. Rc4 Kg7 30. h4 Bg6 31. Kf2 Bf5 32. Bf3 Rb5 33. g4 Be6 34. Rc6 a5 35. Re3 Bd5 36. Rc2 Be6 37. Kg3 1-0

[Event "Olympiad Women-44"]
[Site "Chennai"]
[Date "2022.07.30"]
[Round "2.2"]
[White "Demchenko, Svitlana"]
[Black "Peng, Zhaoqin"]
[Result "1-0"]
[WhiteElo "2122"]
[BlackElo "2349"]
[PlyCount "87"]
[EventDate "2022.07.29"]
[EventType "team-swiss"]
[EventRounds "11"]
[EventCountry "IND"]
[SourceTitle "CBM 210"]
[Source "ChessBase"]
[SourceDate "2022.10.31"]
[SourceVersion "1"]
[SourceVersionDate "2022.10.31"]
[SourceQuality "1"]
[WhiteTeam "Canada (W)"]
[BlackTeam "Netherlands (W)"]
[WhiteTeamCountry "CAN"]
[BlackTeamCountry "NED"]

1. d4 d5 2. Nf3 Nf6 3. Bf4 e6 4. e3 Bd6 5. Bg3 0-0 6. Nbd2 c5 7. c3 Qc7 8. dxc5 Bxg3 9. hxg3 Qxc5 10. Bd3 h6 11. Qa4 Nc6 12. g4 e5 13. g5 Ng4 14. gxh6 g6 15. Be2 a6 16. Ng5 b5 17. Qd1 Nf6 18. e4 Qe7 19. a4 b4 20. exd5 bxc3 21. dxc6 cxd2+ 22. Qxd2 Bf5 23. Bc4 Ne4 24. Nxe4 Bxe4 25. Rc1 Bxg2 26. Rg1 Be4 27. b4 Kh7 28. b5 axb5 29. axb5 Rfd8 30. Qb2 Rd4 31. Be2 Bd5 32. b6 Rb4 33. Qd2 Bxc6 34. Rxc6 Rb1+ 35. Rc1 Rxb6 36. Kf1 Rab8 37. Rg3 Rb2 38. Qe3 R2b4 39. Rc5 f6 40. Qc3 R8b7 41. Bh5 g5 42. Qd3+ e4 43. Qd5 Kxh6 44. Qf5 1-0

[Event "EU-chT (Women) 23rd"]
[Site "Terme Catez"]
[Date "2021.11.19"]
[Round "7.1"]
[White "Zimina, Olga"]
[Black "Peng, Zhaoqin"]
[Result "1/2-1/2"]
[WhiteElo "2339"]
[BlackElo "2351"]
[PlyCount "62"]
[EventDate "2021.11.12"]
[EventType "team-swiss"]
[EventRounds "9"]
[EventCountry "SLO"]
[SourceTitle "CBM 205"]
[Source "ChessBase"]
[SourceDate "2021.12.31"]
[SourceVersion "1"]
[SourceVersionDate "2021.12.31"]
[SourceQuality "1"]
[WhiteTeam "Italy (W)"]
[BlackTeam "Netherlands (W)"]
[WhiteTeamCountry "ITA"]
[BlackTeamCountry "NED"]

1. d4 d5 2. Nf3 Nf6 3. c4 dxc4 4. e3 e6 5. Bxc4 c5 6. 0-0 Nc6 7. Nc3 cxd4 8. exd4 Be7 9. Qe2 0-0 10. Rd1 Na5 11. Bd3 b6 12. Bg5 Bb7 13. Ne5 Nd5 14. Qh5 f5 15. Bxe7 Qxe7 16. Nxd5 Bxd5 17. Ba6 Nc6 18. Nxc6 Bxc6 19. Bc4 Rad8 20. Qe2 Bd5 21. Re1 Rf6 22. Rac1 Qb7 23. f3 Bxc4 24. Qxc4 Qd5 25. Qxd5 Rxd5 26. Rc8+ Rf8 27. Rxf8+ Kxf8 28. Rxe6 Rxd4 29. Kf2 Kf7 30. Re2 Rc4 31. Ke3 g5 1/2-1/2

[Event "EU-chT (Women) 23rd"]
[Site "Terme Catez"]
[Date "2021.11.18"]
[Round "6.1"]
[White "Peng, Zhaoqin"]
[Black "Cramling, Pia"]
[Result "1/2-1/2"]
[WhiteElo "2351"]
[BlackElo "2457"]
[PlyCount "87"]
[EventDate "2021.11.12"]
[EventType "team-swiss"]
[EventRounds "9"]
[EventCountry "SLO"]
[SourceTitle "CBM 205"]
[Source "ChessBase"]
[SourceDate "2021.12.31"]
[SourceVersion "1"]
[SourceVersionDate "2021.12.31"]
[SourceQuality "1"]
[WhiteTeam "Netherlands (W)"]
[BlackTeam "Sweden (W)"]
[WhiteTeamCountry "NED"]
[BlackTeamCountry "SWE"]

1. d4 Nf6 2. c4 e6 3. Nc3 Bb4 4. e3 0-0 5. Nge2 d5 6. a3 Be7 7. Ng3 Re8 8. Bd3 dxc4 9. Bxc4 c5 10. 0-0 cxd4 11. exd4 Nbd7 12. Be3 Nb6 13. Ba2 Bd7 14. Qd3 Bc6 15. Rad1 Nbd5 16. Nge4 Nxe4 17. Nxe4 Rc8 18. Rfe1 b6 19. Bd2 f5 20. Nc3 Bf6 21. Bxd5 Bxd5 22. Bf4 Bb3 23. Rd2 Bc4 24. Qe3 h6 25. h3 Qd7 26. Be5 Bg5 27. Bf4 Be7 28. Qg3 Kh7 29. Be5 Bf8 30. Red1 Bb3 31. Re1 Bc4 32. Red1 Qe7 33. h4 Red8 34. d5 exd5 35. Nxd5 Bxd5 36. Rxd5 Rxd5 37. Rxd5 Rc4 38. Rd4 Rc5 39. Bf4 Qe6 40. Qe3 Qxe3 41. Bxe3 Rc7 42. h5 Be7 43. Rd5 Bf6 44. b3 1/2-1/2

[Event "EU-chT (Women) 23rd"]
[Site "Terme Catez"]
[Date "2021.11.13"]
[Round "2.4"]
[White "Ushenina, Anna"]
[Black "Peng, Zhaoqin"]
[Result "1/2-1/2"]
[WhiteElo "2426"]
[BlackElo "2351"]
[PlyCount "168"]
[EventDate "2021.11.12"]
[EventType "team-swiss"]
[EventRounds "9"]
[EventCountry "SLO"]
[SourceTitle "CBM 205"]
[Source "ChessBase"]
[SourceDate "2021.12.31"]
[SourceVersion "1"]
[SourceVersionDate "2021.12.31"]
[SourceQuality "1"]
[WhiteTeam "Ukraine (W)"]
[BlackTeam "Netherlands (W)"]
[WhiteTeamCountry "UKR"]
[BlackTeamCountry "NED"]

1. d4 d5 2. c4 dxc4 3. e4 Nc6 4. Nf3 Bg4 5. d5 Ne5 6. Bf4 Ng6 7. Be3 Nf6 8. Nc3 e6 9. Qa4+ Qd7 10. Nb5 Bd6 11. dxe6 Bxe6 12. 0-0-0 0-0 13. e5 a6 14. Nc3 Qxa4 15. Nxa4 Nxe5 16. Be2 b5 17. Nc5 Neg4 18. Bd4 Bf4+ 19. Kb1 Bf5+ 20. Ka1 Rfe8 21. Rde1 Rad8 22. Nxa6 Ra8 23. Nh4 Be6 24. Nc5 Bd2 25. Rd1 Bb4 26. Nxe6 Rxe6 27. Bf3 Rae8 28. a3 Bf8 29. Nf5 Ne5 30. Bxe5 Rxe5 31. Nd4 Bd6 32. Bc6 Rb8 33. f4 Rc5 34. g3 b4 35. a4 Ng4 36. Rhe1 Nf2 37. Rd2 Nd3 38. Rb1 b3 39. Rbd1 Nb4 40. Bb5 Ra8 41. Rc1 g5 42. Kb1 gxf4 43. Rxc4 Rxc4 44. Bxc4 Rxa4 45. Bxb3 Ra5 46. gxf4 Bxf4 47. Rf2 Rg5 48. Bxf7+ Kh8 49. Rf1 Bxh2 50. Ne6 Ra5 51. Rh1 Rf5 52. b3 Be5 53. Bg6 Rf2 54. Rxh7+ Kg8 55. Kc1 Na2+ 56. Kd1 Nc3+ 57. Ke1 Rg2 58. Rh5 Bg3+ 59. Kf1 Rf2+ 60. Kg1 Ne2+ 61. Kh1 Bd6 62. Bh7+ Kf7 63. Ng5+ Ke7 64. Ne4 Rf4 65. Rh3 Be5 66. Kg2 Rf7 67. Rh6 Nd4 68. b4 Rg7+ 69. Kf2 Bf4 70. Rh4 Be5 71. Rh5 Bf4 72. Rh4 Be5 73. Rh5 Rf7+ 74. Kg2 Bf4 75. Bg6 Rg7 76. Rh7 Rxh7 77. Bxh7 Bd6 78. Nc3 Kd7 79. Na2 Kc6 80. Kf2 Kb5 81. Ke3 Nc6 82. Be4 Ne5 83. Kd4 Nc6+ 84. Bxc6+ Kxc6 1/2-1/2

[Event "NED-ch (Women)"]
[Site "Hoogeveen"]
[Date "2021.10.23"]
[Round "7"]
[White "Peng, Zhaoqin"]
[Black "Kazarian, Anna Maja"]
[Result "1/2-1/2"]
[WhiteElo "2359"]
[BlackElo "2125"]
[PlyCount "116"]
[EventDate "2021.10.17"]
[EventType "tourn"]
[EventRounds "7"]
[EventCountry "NED"]
[SourceTitle "CBM 204 Extra"]
[Source "ChessBase"]
[SourceDate "2021.11.30"]
[SourceVersion "1"]
[SourceVersionDate "2021.11.30"]
[SourceQuality "1"]

1. d4 e6 2. c4 b6 3. Nc3 Bb7 4. a3 f5 5. d5 Nf6 6. g3 Bd6 7. Nf3 0-0 8. Bg2 h6 9. Nd4 Qe7 10. 0-0 c6 11. b3 cxd5 12. cxd5 Na6 13. Bb2 Nc7 14. dxe6 Bxg2 15. Kxg2 dxe6 16. e4 f4 17. b4 Qe8 18. Nf3 Rd8 19. Qb3 Qh5 20. Rae1 Ng4 21. h3 Ne5 22. Ne2 Nxf3 23. Qxf3 Qxf3+ 24. Kxf3 fxg3+ 25. Kg2 gxf2 26. Rxf2 Rxf2+ 27. Kxf2 a5 28. bxa5 bxa5 29. Rc1 Rb8 30. Ba1 Ne8 31. a4 Rb4 32. e5 Bc7 33. Rc6 Rxa4 34. Bc3 Kf7 35. Ra6 g5 36. Ra7 Kg6 37. Kf3 Rc4 38. Bxa5 Bxe5 39. Be1 h5 40. Ra5 Bc7 41. Ra8 Nf6 42. Bc3 Rh4 43. Kg2 g4 44. hxg4 Rh2+ 45. Kf1 hxg4 46. Bxf6 Kxf6 47. Rg8 Rh4 48. Kg2 Be5 49. Ng3 Bf4 50. Rf8+ Ke5 51. Ra8 Rh3 52. Ra5+ Kf6 53. Nh5+ Ke7 54. Nxf4 Rf3 55. Ng6+ Kf6 56. Ne5 Rf5 57. Nxg4+ Kg5 58. Ne5 Kf6 1/2-1/2

[Event "Online Olym Div Top-D"]
[Site "Chess.com INT"]
[Date "2021.09.08"]
[Round "1.3"]
[White "Forgas Moreno, Yaniela"]
[Black "Peng, Zhaoqin"]
[Result "1/2-1/2"]
[WhiteElo "2310"]
[BlackElo "2359"]
[PlyCount "162"]
[EventDate "2021.09.08"]
[EventType "team (rapid)"]
[EventRounds "9"]
[EventCountry "USA"]
[SourceTitle "CBM 204 Extra"]
[Source "ChessBase"]
[SourceDate "2021.11.30"]
[SourceVersion "1"]
[SourceVersionDate "2021.11.30"]
[SourceQuality "1"]
[WhiteTeam "Cuba"]
[BlackTeam "Netherlands"]
[WhiteTeamCountry "CUB"]
[BlackTeamCountry "NED"]

1. e4 c6 2. d4 d5 3. exd5 cxd5 4. c4 Nf6 5. Nc3 Nc6 6. Bg5 dxc4 7. d5 Na5 8. Bxc4 Nxc4 9. Qa4+ Bd7 10. Qxc4 g6 11. Nf3 Bg7 12. 0-0 h6 13. Bh4 0-0 14. Rfe1 Re8 15. Ne5 g5 16. Bg3 Rc8 17. Qb3 Qb6 18. Qxb6 axb6 19. Rad1 Bf5 20. f3 Red8 21. Bf2 b5 22. Bb6 Rd6 23. Ba5 Nd7 24. Nxd7 Rxd7 25. Bb4 Bxc3 26. bxc3 Rcc7 27. d6 exd6 28. Re8+ Kh7 29. Rd5 Be6 30. Rxb5 Bxa2 31. Ra5 Bc4 32. Raa8 f6 33. g4 Kg7 34. Kf2 Bf7 35. Re3 Rc6 36. Kg3 Ra6 37. Rxa6 bxa6 38. Rd3 d5 39. Rd1 Rc7 40. Ra1 Rc6 41. Ra5 Be6 42. Bc5 Kf7 43. h4 Bd7 44. hxg5 hxg5 45. Kf2 Re6 46. Ra1 Bb5 47. Re1 a5 48. Rxe6 Kxe6 49. Ke3 a4 50. f4 Bc4 51. fxg5 fxg5 52. Ba3 Ke5 53. Bc5 Bb3 54. Be7 Ke6 55. Ba3 Bd1 56. Kd4 Bxg4 57. Bc1 Kf5 58. Kxd5 Bf3+ 59. Kc4 g4 60. Be3 g3 61. Kb4 Bc6 62. Ka3 Ke4 63. Bd4 Kd3 64. Ka2 g2 65. Ka1 Ke2 66. Bc5 Bd5 67. Bd4 a3 68. Kb1 Kd3 69. Ka1 Kc2 70. Bg1 Kxc3 71. Bc5 Kd3 72. Bg1 Ke2 73. Bc5 Kf1 74. Bd4 g1Q 75. Bxg1 Kxg1 76. Kb1 Kf1 77. Ka1 Ke2 78. Kb1 Kd3 79. Ka1 Kc3 80. Kb1 a2+ 81. Ka1 Kc2 1/2-1/2

[Event "FIDE World Cup (Women)"]
[Site "Krasnaya Polyana"]
[Date "2021.07.12"]
[Round "1.1"]
[White "Afonasieva, Anna"]
[Black "Peng, Zhaoqin"]
[Result "0-1"]
[WhiteElo "2243"]
[BlackElo "2358"]
[PlyCount "100"]
[EventDate "2021.07.12"]
[EventType "k.o."]
[EventRounds "7"]
[EventCountry "RUS"]
[SourceTitle "CBM 203"]
[Source "ChessBase"]
[SourceDate "2021.08.31"]
[SourceVersion "1"]
[SourceVersionDate "2021.08.31"]
[SourceQuality "1"]

1. d4 d5 2. Bf4 e6 3. e3 Nf6 4. Nd2 Bd6 5. Bg3 0-0 6. Ngf3 c5 7. c3 Qc7 8. dxc5 Bxg3 9. hxg3 Qxc5 10. Bd3 h6 11. Qe2 Nc6 12. Rd1 Qb6 13. Nb3 e5 14. e4 Bg4 15. 0-0 Rae8 16. Rfe1 Kh8 17. exd5 e4 18. dxc6 exf3 19. Qd2 fxg2 20. Rxe8 Rxe8 21. Re1 Rxe1+ 22. Qxe1 Qxc6 23. Qe5 Qf3 24. Bc2 Be6 25. Nd2 Qxf2+ 26. Kxf2 Ng4+ 27. Kxg2 Nxe5 28. a4 g5 29. Kf2 Kg7 30. Ke3 f5 31. Kd4 Kf6 32. c4 h5 33. Bd1 g4 34. c5 Nc6+ 35. Ke3 Ke5 36. Be2 a5 37. Nc4+ Bxc4 38. Bxc4 Nb4 39. Bb5 Nd5+ 40. Kf2 f4 41. gxf4+ Kxf4 42. Bd7 Nb4 43. Ke2 Na6 44. c6 bxc6 45. Bxc6 Nc5 46. Kf1 Kg3 47. Kg1 h4 48. Bb5 h3 49. Bc6 h2+ 50. Kh1 Nd3 0-1

[Event "Online Olym Div Top-B"]
[Site "Chess.com INT"]
[Date "2020.08.22"]
[Round "4.3"]
[White "Peng, Zhaoqin"]
[Black "Matnadze, Ana"]
[Result "1-0"]
[WhiteElo "2358"]
[BlackElo "2412"]
[PlyCount "113"]
[EventDate "2020.08.21"]
[EventType "team-tourn (rapid)"]
[EventRounds "9"]
[EventCountry "USA"]
[SourceTitle "CBM 198"]
[Source "ChessBase"]
[SourceDate "2020.10.31"]
[SourceVersion "1"]
[SourceVersionDate "2020.10.31"]
[SourceQuality "1"]
[WhiteTeam "Netherlands"]
[BlackTeam "Spain"]
[WhiteTeamCountry "NED"]
[BlackTeamCountry "ESP"]

1. d4 Nf6 2. c4 e6 3. Nf3 b6 4. g3 Bb7 5. Bg2 g6 6. 0-0 Bg7 7. Nc3 0-0 8. d5 exd5 9. cxd5 Re8 10. Nd4 Na6 11. Bf4 Nh5 12. Be3 h6 13. Qd2 Kh7 14. Rad1 Nf6 15. Ndb5 d6 16. Rc1 Ng4 17. Bd4 Ne5 18. e4 Nc5 19. b4 Na6 20. a3 h5 21. f4 Ng4 22. h3 Nh6 23. Bxg7 Kxg7 24. Ne2 Qd7 25. Ned4 Kh7 26. Rc3 Re7 27. Rfc1 Rae8 28. Qd3 Ng8 29. Nc6 Bxc6 30. dxc6 Qd8 31. Nxa7 Nb8 32. Rd1 Re6 33. Nb5 Ne7 34. Nd4 Rf6 35. b5 h4 36. Nf3 hxg3 37. Ng5+ Kg7 38. Qd4 Ng8 39. e5 Rf5 40. exd6+ f6 41. d7 Re7 42. Rxg3 Rxb5 43. Bd5 Rxd5 44. Qxd5 fxg5 45. fxg5 Rf7 46. Qe5+ Kf8 47. Re1 Nxd7 48. cxd7 Qxd7 49. Rge3 Qd2 50. Qg3 Ne7 51. Rd3 Qb2 52. Qe3 Nf5 53. Rd8+ Kg7 54. Qe8 Qf2+ 55. Kxf2 Nd6+ 56. Kg3 Nxe8 57. Rexe8 1-0

[Event "Online Olym Div Top-B"]
[Site "Chess.com INT"]
[Date "2020.08.21"]
[Round "1.3"]
[White "Mammadzada, Gunay Vuqar Qizi"]
[Black "Peng, Zhaoqin"]
[Result "1-0"]
[WhiteElo "2443"]
[BlackElo "2358"]
[PlyCount "65"]
[EventDate "2020.08.21"]
[EventType "team-tourn (rapid)"]
[EventRounds "9"]
[EventCountry "USA"]
[SourceTitle "CBM 198"]
[Source "ChessBase"]
[SourceDate "2020.10.31"]
[SourceVersion "1"]
[SourceVersionDate "2020.10.31"]
[SourceQuality "1"]
[WhiteTeam "Azerbaijan"]
[BlackTeam "Netherlands"]
[WhiteTeamCountry "AZE"]
[BlackTeamCountry "NED"]

1. e4 Nf6 2. e5 Nd5 3. c4 Nb6 4. d4 d6 5. exd6 exd6 6. Nc3 Be7 7. Bd3 Nc6 8. Nge2 0-0 9. 0-0 Bf6 10. Be3 Nb4 11. b3 Nxd3 12. Qxd3 c6 13. d5 cxd5 14. Bxb6 axb6 15. Qxd5 Re8 16. Rad1 Be5 17. f4 Bxc3 18. Nxc3 Qf6 19. Qd4 Qg6 20. Qxd6 Qc2 21. Qd2 Qg6 22. Nd5 Bg4 23. Rde1 Qh5 24. h3 Be6 25. Nxb6 Rad8 26. Qf2 h6 27. Re5 Qg6 28. f5 Qf6 29. fxe6 Qxe5 30. exf7+ Kh8 31. fxe8Q+ Rxe8 32. Nd5 b5 33. Qf4 1-0

[Event "Online Olym Div2 C"]
[Site "Chess.com INT"]
[Date "2020.08.16"]
[Round "9.3"]
[White "Peng, Zhaoqin"]
[Black "Matnadze, Ana"]
[Result "1/2-1/2"]
[WhiteElo "2358"]
[BlackElo "2412"]
[PlyCount "91"]
[EventDate "2020.08.14"]
[EventType "team-tourn (rapid)"]
[EventRounds "9"]
[EventCountry "USA"]
[SourceTitle "CBM 198"]
[Source "ChessBase"]
[SourceDate "2020.10.31"]
[SourceVersion "1"]
[SourceVersionDate "2020.10.31"]
[SourceQuality "1"]
[WhiteTeam "Netherlands"]
[BlackTeam "Spain"]
[WhiteTeamCountry "NED"]
[BlackTeamCountry "ESP"]

1. d4 Nf6 2. c4 e6 3. Nf3 d5 4. Nc3 c6 5. e3 Be7 6. b3 0-0 7. Bd3 b6 8. 0-0 Bb7 9. Bb2 c5 10. Qe2 Nc6 11. Rad1 Qc7 12. Rc1 dxc4 13. Bxc4 cxd4 14. Nb5 Qb8 15. Nbxd4 Nxd4 16. Bxd4 Ng4 17. e4 Rd8 18. g3 Bf6 19. Rfd1 Bxd4 20. Nxd4 Ne5 21. Nb5 a6 22. Rxd8+ Qxd8 23. Rd1 Qf6 24. Nd6 Bc6 25. f4 Nxc4 26. Qxc4 Bb5 27. Nxb5 axb5 28. Qc6 Rd8 29. Rxd8+ Qxd8 30. Qxb5 Qd4+ 31. Kf1 Qa1+ 32. Ke2 Qxa2+ 33. Kf3 h6 34. h4 Qa7 35. Qe8+ Kh7 36. h5 Qc7 37. Kg4 Qc2 38. Qxf7 Qxe4 39. Kh4 Qh1+ 40. Kg4 Qd1+ 41. Kh4 Qxb3 42. Qg6+ Kg8 43. Qe8+ Kh7 44. Qg6+ Kg8 45. Qe8+ Kh7 46. Qg6+ 1/2-1/2

[Event "Online Olym Div2 C"]
[Site "Chess.com INT"]
[Date "2020.08.15"]
[Round "6.3"]
[White "Georgescu, Lena"]
[Black "Peng, Zhaoqin"]
[Result "1-0"]
[WhiteElo "2276"]
[BlackElo "2358"]
[PlyCount "97"]
[EventDate "2020.08.14"]
[EventType "team-tourn (rapid)"]
[EventRounds "9"]
[EventCountry "USA"]
[SourceTitle "CBM 198"]
[Source "ChessBase"]
[SourceDate "2020.10.31"]
[SourceVersion "1"]
[SourceVersionDate "2020.10.31"]
[SourceQuality "1"]
[WhiteTeam "Switzerland"]
[BlackTeam "Netherlands"]
[WhiteTeamCountry "SUI"]
[BlackTeamCountry "NED"]

1. e4 e6 2. d4 d5 3. Nc3 Nf6 4. Bg5 Be7 5. e5 Nfd7 6. h4 Nc6 7. Nf3 Nb6 8. b3 Bd7 9. a4 a6 10. Be2 f6 11. exf6 gxf6 12. Bh6 Bb4 13. Qd2 Qe7 14. 0-0 Rg8 15. Qe3 0-0-0 16. Na2 e5 17. Nxb4 Qxb4 18. c3 Qd6 19. a5 exd4 20. Nxd4 Rde8 21. Qd2 Nxd4 22. cxd4 Bh3 23. Bf3 Nd7 24. Bf4 Qe6 25. Rfc1 c6 26. Bg3 Bg4 27. Qf4 Ne5 28. dxe5 fxe5 29. Bxg4 Rxg4 30. Qe3 Rb4 31. Re1 d4 32. Qg5 e4 33. Qf4 Re7 34. Rac1 e3 35. Qb8+ Kd7 36. fxe3 d3 37. Rcd1 Rxb3 38. Qc7+ Ke8 39. Qb8+ Kd7 40. e4 Qg4 41. Kh2 Rg7 42. Qd6+ Ke8 43. Rf1 Re7 44. Qb8+ Kd7 45. Qc7+ Ke8 46. Qb8+ Kd7 47. Rd2 Qe6 48. Rf8 Qg6 49. Qc8# 1-0

[Event "Online Olym Div2 C"]
[Site "Chess.com INT"]
[Date "2020.08.14"]
[Round "1.3"]
[White "Peng, Zhaoqin"]
[Black "Unuk, Laura"]
[Result "0-1"]
[WhiteElo "2358"]
[BlackElo "2379"]
[PlyCount "202"]
[EventDate "2020.08.14"]
[EventType "team-tourn (rapid)"]
[EventRounds "9"]
[EventCountry "USA"]
[SourceTitle "CBM 198"]
[Source "ChessBase"]
[SourceDate "2020.10.31"]
[SourceVersion "1"]
[SourceVersionDate "2020.10.31"]
[SourceQuality "1"]
[WhiteTeam "Netherlands"]
[BlackTeam "Slovenia"]
[WhiteTeamCountry "NED"]
[BlackTeamCountry "SLO"]

1. d4 Nf6 2. Nf3 e6 3. e3 b6 4. Bd3 Bb7 5. 0-0 c5 6. c4 Be7 7. Nc3 cxd4 8. exd4 0-0 9. d5 d6 10. dxe6 fxe6 11. Nd4 Qc8 12. Qe2 e5 13. Bf5 Nbd7 14. Be6+ Kh8 15. Nf5 Qe8 16. Ng3 Nc5 17. Bf5 Qf7 18. Be3 Ne6 19. Qd2 Nc7 20. b3 d5 21. cxd5 Ncxd5 22. Nxd5 Nxd5 23. Be4 Rad8 24. Rac1 Nb4 25. Qb2 Bxe4 26. Nxe4 Nd3 27. Qe2 Nxc1 28. Rxc1 Ba3 29. Rf1 Qg6 30. f3 Rc8 31. h4 h6 32. Rd1 Rfd8 33. Rxd8+ Rxd8 34. Qa6 Be7 35. Qxa7 Bxh4 36. Qc7 Rd1+ 37. Kh2 Bf6 38. Qc8+ Rd8 39. Bxb6 Qh5+ 40. Qh3 Qxh3+ 41. Kxh3 Rd1 42. Bc5 Bd8 43. a4 Ra1 44. Kg4 Kg8 45. Kf5 Bc7 46. Ke6 h5 47. Kd7 Ba5 48. b4 Bxb4 49. Bxb4 Rxa4 50. Bd2 Kf7 51. Kd6 Kg6 52. Kxe5 Ra2 53. Kf4 Ra4 54. g3 Rc4 55. Bc3 Ra4 56. Be5 Rc4 57. Ke3 Ra4 58. Bd4 Ra3+ 59. Bc3 Ra4 60. Nf2 Ra3 61. Kd3 Ra2 62. Nh3 Ra3 63. Kd2 Kf5 64. Nf2 g6 65. Bb4 Rxf3 66. Ke2 Rxg3 67. Bd6 Rb3 68. Be7 g5 69. Nd3 h4 70. Nf2 h3 71. Bd6 g4 72. Bc7 Rb1 73. Bd6 Rg1 74. Bc7 Ra1 75. Bd6 Ra2+ 76. Kf1 Kg5 77. Bg3 Ra1+ 78. Ke2 Ra3 79. Bc7 Kh4 80. Bd6 Ra6 81. Bc7 Re6+ 82. Kf1 Re8 83. Nh1 Rg8 84. Bg3+ Kg5 85. Bc7 Rf8+ 86. Kg1 Kf5 87. Nf2 Rc8 88. Bd6 Rc6 89. Bb8 Rc1+ 90. Kh2 Rc2 91. Kg3 h2 92. Nh1 Rb2 93. Bc7 Ra2 94. Bb6 Rb2 95. Bf2 Ke4 96. Kg2 Kf4 97. Kxh2 Kf3 98. Kg1 Rb1+ 99. Kh2 Rxh1+ 100. Kxh1 Kxf2 101. Kh2 g3+ 0-1

[Event "NED-ch rapid (Women) 5th"]
[Site "Amstelveen"]
[Date "2019.12.01"]
[Round "6"]
[White "Peng, Zhaoqin"]
[Black "Roebers, Eline"]
[Result "1/2-1/2"]
[WhiteElo "2364"]
[BlackElo "2062"]
[PlyCount "51"]
[EventDate "2019.12.01"]
[EventType "tourn (rapid)"]
[EventRounds "7"]
[EventCountry "NED"]
[SourceTitle "CBM 193 Extra"]
[Source "ChessBase"]
[SourceDate "2020.01.31"]
[SourceVersion "1"]
[SourceVersionDate "2020.01.31"]
[SourceQuality "1"]

1. d4 Nf6 2. Nf3 g6 3. c4 Bg7 4. Nc3 0-0 5. e4 d6 6. Be3 e5 7. dxe5 dxe5 8. Qxd8 Rxd8 9. Nd5 Nxd5 10. cxd5 c6 11. Bc4 cxd5 12. Bxd5 Nc6 13. 0-0-0 Bd7 14. Kb1 h6 15. a3 b6 16. Rd3 Rac8 17. Rhd1 Be8 18. b4 Kf8 19. Rc3 Ne7 20. Rxc8 Nxc8 21. Rc1 Ne7 22. Bb3 Rc8 23. Nd2 Rxc1+ 24. Kxc1 Nc6 25. Bd5 f5 26. f3 1/2-1/2

[Event "EU-chT (Women) 22nd"]
[Site "Batumi"]
[Date "2019.11.02"]
[Round "9.1"]
[White "Brunello, Marina"]
[Black "Peng, Zhaoqin"]
[Result "1/2-1/2"]
[WhiteElo "2381"]
[BlackElo "2364"]
[PlyCount "61"]
[EventDate "2019.10.24"]
[EventType "team-swiss"]
[EventRounds "9"]
[EventCountry "GEO"]
[SourceTitle "CBM 192 Extra"]
[Source "Chessbase"]
[SourceDate "2019.11.06"]
[SourceVersion "1"]
[SourceVersionDate "2019.11.06"]
[SourceQuality "1"]
[WhiteTeam "Italy (W)"]
[BlackTeam "Netherlands (W)"]
[WhiteTeamCountry "ITA"]
[BlackTeamCountry "NED"]

1. e4 c6 2. d4 d5 3. exd5 cxd5 4. Bf4 Nc6 5. c3 Bf5 6. Nf3 e6 7. Bd3 Bxd3 8. Qxd3 Bd6 9. Bxd6 Qxd6 10. 0-0 Nge7 11. Re1 0-0 12. Nbd2 h6 13. Rad1 a6 14. a4 b5 15. axb5 axb5 16. Ra1 b4 17. c4 Qf4 18. g3 Qf5 19. Qxf5 Nxf5 20. cxd5 exd5 21. Nb3 Rxa1 22. Rxa1 Rc8 23. Rc1 f6 24. Na5 Nfe7 25. Nxc6 Rxc6 26. Rxc6 Nxc6 27. Kf1 g5 28. h3 Na5 29. Ke2 Nc4 30. b3 Na5 31. Nd2 1/2-1/2

[Event "Olympiad Women-43"]
[Site "Batumi"]
[Date "2018.10.04"]
[Round "10.1"]
[White "Peng, Zhaoqin"]
[Black "Goossens, Hanne"]
[Result "1-0"]
[WhiteElo "2367"]
[BlackElo "2220"]
[PlyCount "120"]
[EventDate "2018.09.24"]
[EventType "team-swiss"]
[EventRounds "11"]
[EventCountry "GEO"]
[SourceTitle "EXT 2020"]
[Source "ChessBase"]
[SourceDate "2019.10.17"]
[SourceVersion "1"]
[SourceVersionDate "2019.10.17"]
[SourceQuality "1"]
[WhiteTeam "Netherlands (W)"]
[BlackTeam "Belgium (W)"]
[WhiteTeamCountry "NED"]
[BlackTeamCountry "BEL"]

1. c4 f5 2. d4 Nf6 3. Nc3 e6 4. Nf3 Bb4 5. Qb3 a5 6. Bd2 0-0 7. g3 d6 8. Bg2 Ne4 9. Rd1 Nxd2 10. Rxd2 Nd7 11. 0-0 Nf6 12. Rdd1 Bxc3 13. Qxc3 Ne4 14. Qc2 Qe7 15. Nd2 Nf6 16. c5 e5 17. Nc4 e4 18. cxd6 cxd6 19. Nb6 Rb8 20. Rc1 Be6 21. Qa4 Qd8 22. Qb5 Nd7 23. Nd5 Nf6 24. Nc7 Bd7 25. Qxa5 Bc6 26. b4 Ne8 27. d5 Qxc7 28. Qxc7 Nxc7 29. dxc6 b5 30. f3 d5 31. g4 g6 32. gxf5 gxf5 33. fxe4 fxe4 34. Rc3 Rxf1+ 35. Kxf1 Kf7 36. Bh3 Rf8 37. Bd7 Ke7+ 38. Ke1 Rf6 39. Rh3 h6 40. Kd2 Kd6 41. Ke3 Rg6 42. Kd4 Rf6 43. a3 Rg6 44. Rh5 Rf6 45. e3 Rg6 46. Rf5 Rg2 47. Rf6+ Ke7 48. Rxh6 Rd2+ 49. Kc5 d4 50. Rh4 dxe3 51. Rxe4+ Kd8 52. Rxe3 Rc2+ 53. Kd4 Rxh2 54. Rh3 Rc2 55. Ke5 Rd2 56. Rh8+ Ke7 57. Rh7+ Kd8 58. Bg4 Rd5+ 59. Ke4 Rg5 60. Rd7+ Ke8 1-0